000 01711nam a2200421 a 4500
003 BLK
005 20231216110620.0
008 180411b bul|||||r ||||||| ||bul||
010 _aKNG00198461000
020 _a978-954-660-635-8
040 _aBLK
041 _aBUL
_cBUL
072 7 _2bullib
_aН85
_xДетска художествена литература Н
080 _aАнглийска литература
_b821.111
_x-93-91
_z821.111-93-91
139 _aКоледна песен
_bК 78
245 1 0 _aКоледна песен
_bАдапт. по едноименния роман на Чарлз Дикенс
_cЧарлс Дикенс; прев. Корнелия Иванова Лозанова; худож. Лилия Тодорова.
257 _aGBR
260 _aСофия
_bПАН
_c2015
300 _a16 с.
_bс цв. ил.
_c29 см
380 _aDX
500 _aКор. опис. - Без сведение за ориг. загл. ; Ориг. загл. A Christmas Carol / Charles Dickens.
653 _aКоледа
653 _aприказки
653 _aадаптирани книги
653 _aлитература за деца
653 _aдетска литература
659 _aН
700 1 _aДикенс, Чарлс
_e*
_9363697
700 1 _aЛозанова, Корнелия Иванова
_9367357
700 1 _aТодорова, Лилия
_eхудож.
_9384168
852 _aЦб ІІ 25252
_bЦб
856 4 _qpdf
856 4 _qpdf
942 _cKNG
_n0
_011
_s1
944 _aCR
_c17.12.2016
_lБояна Костадинова
_k30551
944 _aED
_c21.12.2016
_lф /
_kЛюдмила_Стоянова
999 _c189418
_d189418
999 _d189418